Biggest Central American Cities within 100 Km - Statistics

General Stats
  • This quiz has been taken 528 times
  • The average score is 53 of 131
Answers on the Map
Answers color-coded by a green-red scale on the quiz's map according to % correct below.
 
Answer Stats
Country Dist to larger Lat Lon Pop City % Correct
Mexico 11,319,058 19.44244244 -99.1309882 22,100,000 Mexico City
97%
Cuba 365,500 23.13195884 -82.36418217 2,225,000 Havana
95%
Panama 511,091 8.96801719 -79.53303715 1,460,000 Panama City
94%
Guatemala 1,059,757 14.62113466 -90.52696558 3,000,000 Guatemala City
91%
Bahamas 297,551 25.05823 -77.34306 227,940 Nassau
91%
Jamaica 475,172 17.99702 -76.79358 937,700 Kingston
90%
Haiti 257,352 18.5410246 -72.33603459 2,850,000 Port-au-Prince
90%
Costa Rica 871,607 9.93501243 -84.08405135 1,840,000 San José
88%
Dominican Republic 938,446 18.47007285 -69.90008508 3,650,000 Santo Domingo
88%
Mexico 459,781 20.67001609 -103.3300342 4,975,000 Guadalajara
87%
United States 398,243 18.44002301 -66.12997929 2,150,000 San Juan
87%
El Salvador 174,899 13.71000165 -89.20304122 1,820,000 San Salvador
85%
Mexico 633,156 25.66999514 -100.3299848 4,650,000 Monterrey
84%
Mexico 288,783 21.17429 -86.84656 542,043 Cancun
83%
Nicaragua 342,289 12.15301658 -86.26849166 1,340,000 Managua
83%
Honduras 177,694 14.1020449 -87.21752934 1,090,000 Tegucigalpa
83%
Belize 112,528 17.49952 -88.19756 61,461 Belize City
74%
Barbados 339,927 13.1 -59.61667 98,511 Bridgetown
73%
Mexico 562,348 31.69037701 -106.4900481 1,440,000 Ciudad Juárez
73%
Mexico 237,939 16.86336 -99.8901 652,136 Acapulco
72%
Mexico 340,870 28.63528 -106.08889 809,232 Chihuahua
72%
Mexico 627,883 20.96663881 -89.61663355 1,070,000 Mérida
70%
Mexico 107,085 19.04995994 -98.20003727 2,975,000 Puebla
70%
Mexico 151,152 32.64998252 -115.4800161 1,010,000 Mexicali
67%
Mexico 177,704 21.1499868 -101.7000304 1,800,000 León
62%
Honduras 234,946 15.50002159 -88.02998621 1,110,000 San Pedro Sula
61%
Cuba 245,154 20.02472 -75.82194 555,865 Santiago de Cuba
61%
Mexico 135,418 23.05888 -109.69771 48,518 San Jose del Cabo
60%
Saint Vincent and the Grenadines 161,280 13.15872 -61.22475 24,518 Kingstown
58%
Mexico 241,571 17.07108 -96.71914 262,566 Oaxaca
58%
Mexico 217,862 19.18074 -96.13405 568,313 Veracruz
55%
Mexico 189,660 28.43333 -113.75 7,872 San Luis
54%
Cuba 264,895 21.38083 -77.91694 347,562 Camaguey
52%
Mexico 310,544 25.57005292 -103.4200029 1,300,000 Torreón
52%
United Kingdom 313,945 19.2866 -81.37436 29,370 George Town
51%
Bahamas 232,679 23.51616 -75.78665 7,314 George Town
51%
Mexico 479,691 29.1026 -110.97732 595,811 Hermosillo
50%
Mexico 157,018 19.83803 -90.5277 205,212 Campeche
49%
Jamaica 114,731 18.47116 -77.91883 82,867 Montego Bay
48%
Mexico 148,922 20.63001853 -100.3799817 1,280,000 Querétaro
47%
Mexico 134,183 22.16997622 -100.9999956 1,150,000 San Luis Potosí
46%
Mexico 101,318 21.87945992 -102.2904135 1,060,000 Aguascalientes
45%
France 229,488 14.60892 -61.07334 89,995 Fort-de-France
45%
Netherlands 112,103 12.1084 -68.93354 125,000 Willemstad
45%
Mexico 210,164 24.02032 -104.65756 457,140 Victoria de Durango
44%
Mexico 276,433 18.51138 -88.301 134,412 Chetumal
43%
Mexico 409,684 24.80737 -107.39734 582,469 Culiacan
43%
Mexico 225,995 24.1423 -110.31274 171,485 La Paz
43%
El Salvador 108,387 13.48333 -88.18333 161,880 San Miguel
41%
Mexico 112,630 22.27817 -97.86772 309,003 Tampico
41%
Panama 246,429 8.42729 -82.43085 82,859 David
40%
Mexico 128,767 19.70078 -101.18443 592,797 Morelia
40%
Cuba 240,003 22.4 -79.96667 250,512 Santa Clara
40%
Mexico 363,976 16.75469 -93.11485 481,128 Tuxtla Gutierrez
40%
Mexico 104,066 20.617 -105.23018 187,134 Puerto Vallarta
39%
Trinidad and Tobago 209,874 10.64917 -61.49889 157,258 Chaguanas
38%
Mexico 104,411 23.74174 -99.14599 269,923 Ciudad Victoria
38%
Costa Rica 115,022 9.99074 -83.03596 63,081 Limon
38%
Mexico 205,954 27.48642 -109.94083 258,162 Ciudad Obregon
37%
Grenada 134,060 12.05644 -61.74849 7,500 Saint George's
37%
Honduras 126,535 15.75971 -86.78221 130,218 La Ceiba
36%
Mexico 101,260 31.30862 -110.94217 185,882 Nogales
36%
Mexico 190,413 27.47629 -99.51639 349,550 Nuevo Laredo
36%
Mexico 194,293 25.79116 -108.99463 214,601 Los Mochis
35%
Dominican Republic 129,076 19.4517 -70.69703 1,200,000 Santiago de los Caballeros
35%
United Kingdom 174,815 21.46122 -71.14188 3,720 Cockburn Town
34%
Bahamas 115,044 24.0509 -74.52974 831 Cockburn Town
34%
Haiti 123,085 18.2 -73.75 125,799 Les Cayes
34%
Costa Rica 150,727 10.63504 -85.43772 45,380 Liberia
34%
Cuba 148,333 22.4175 -83.69806 186,990 Pinar del Rio
34%
Haiti 161,294 19.9389 -72.83257 250,000 Port-de-Paix
34%
Mexico 178,434 21.5008 -104.88936 280,592 Tepic
33%
Mexico 102,837 22.76843 -102.58141 118,562 Zacatecas
33%
Mexico 137,303 18.64592 -91.82991 141,308 Ciudad del Carmen
32%
Mexico 198,601 23.2329 -106.40616 354,717 Mazatlan
32%
Mexico 128,216 31.02468 -114.83919 15,386 San Felipe
32%
Mexico 137,775 17.98689 -92.93028 362,401 Villahermosa
32%
Cuba 106,002 20.88722 -76.26306 319,102 Holguin
30%
France 189,641 16.27095 -61.50451 63,058 Les Abymes
30%
Mexico 197,941 19.05222 -104.31583 130,035 Manzanillo
30%
Bahamas 123,085 24.6224 -75.67151 1,175 Arthur's Town
29%
Bahamas 126,338 22.19083 -75.72583 70 Duncan Town
29%
Nicaragua 109,263 11.68758 -84.45616 52,929 Nueva Guinea
29%
Bahamas 134,327 22.36667 -72.96667 235 Abraham's Bay
28%
Nicaragua 227,294 14.03507 -83.38882 33,635 Bilwi
28%
Mexico 101,646 21.98333 -99.01667 109,504 Ciudad Valles
28%
Mexico 141,816 28.04306 -103.79111 3,914 Hercules
28%
Mexico 165,400 26.90687 -101.42056 195,764 Monclova
28%
Guatemala 167,090 16.91321 -89.90868 30,764 San Benito
28%
Nicaragua 100,741 13.73321 -84.77725 16,056 Siuna
28%
Mexico 132,652 31.33071 -109.54876 68,446 Agua Prieta
27%
United States 147,139 17.72751 -64.74698 50,601 Christiansted
27%
Mexico 112,817 26.0111 -111.34469 11,227 Loreto
26%
Bahamas 139,509 26.53333 -78.66667 46,525 Lucaya
26%
Panama 157,814 8.1 -80.98333 45,355 Santiago de Veraguas
26%
Mexico 108,006 27.85591 -101.11738 49,199 Ciudad Sabinas
25%
Bahamas 120,256 26.86667 -77.51667 8,413 Cooper's Town
25%
Nicaragua 100,338 14.74189 -83.9717 6,403 Waspam
25%
Mexico 168,423 25.03371 -111.65991 39,915 Ciudad Constitucion
24%
Mexico 165,728 28.70007 -100.52353 150,178 Piedras Negras
24%
Mexico 116,751 15.87037 -97.07726 19,488 Puerto Escondido
24%
Mexico 189,307 16.18798 -95.19952 73,648 Salina Cruz
23%
Mexico 110,181 17.50904 -91.98334 36,669 Palenque
22%
Mexico 147,403 31.31716 -113.53799 33,875 Puerto Penasco
22%
Mexico 125,229 21.14284 -88.15119 41,993 Tizimin
22%
Cuba 101,192 21.84 -78.76194 142,027 Ciego de Avila
21%
Mexico 149,659 27.34046 -112.26761 11,899 Santa Rosalia
21%
Mexico 180,787 14.90696 -92.26185 197,961 Tapachula
21%
Mexico 153,065 23.64824 -100.64334 67,717 Matehuala
20%
Mexico 186,557 30.41552 -107.91166 51,356 Nuevo Casas Grandes
20%
Dominican Republic 108,277 18.20854 -71.10077 77,160 Santa Cruz de Barahona
20%
Mexico 123,447 17.98085 -102.22172 84,001 Lazaro Cardenas
19%
Mexico 137,337 29.19366 -108.14684 16,087 San Pedro Madera
19%
Mexico 100,468 25.94944 -105.36444 5,878 Santa Maria del Oro
17%
Mexico 114,511 18.60891 -90.74544 28,159 Escarcega
16%
Mexico 106,898 18.46148 -97.39282 241,429 Tehuacan
16%
Mexico 160,444 18.14212 -94.4371 230,717 Coatzacoalcos
13%
Mexico 104,363 25.44156 -102.1792 32,253 Parras de la Fuente
13%
Mexico 243,229 22.8694 -98.75886 1,185,772 Gustavo A. Madero
11%
Mexico 141,017 26.92961 -105.6662 101,768 Hidalgo del Parral
11%
Mexico 109,565 30.61861 -106.51222 8,575 Miguel Ahumada
11%
Mexico 106,929 29.05408 -109.23399 4,038 Sahuaripa
11%
Mexico 114,828 30.73097 -115.99071 12,829 Vicente Guerrero
11%
Mexico 133,198 30.72043 -112.15847 52,896 Heroica Caborca
10%
Mexico 105,853 27.91928 -110.89755 103,449 Heroica Guaymas
10%
Mexico 166,771 29.56444 -104.41639 22,744 Manuel Ojinaga
10%
Mexico 121,042 19.5775 -88.04529 23,109 Felipe Carrillo Puerto
9%
Mexico 124,646 20.53315 -97.45946 174,526 Poza Rica de Hidalgo
9%
Mexico 120,922 18.08829 -96.12982 92,121 San Juan Bautista Tuxtepec
3%
Mexico 137,149 25.04389 -105.41917 26,121 Santiago Papasquiaro
0%
Mexico 102,235 16.33847 -98.05532 25,669 Santiago Pinotepa Nacional
0%
No matching quizzes found
Score Distribution
Percent of People with Each Score
Percentile by Number Answered
Your Score History
You have not taken this quiz